000 00845nam a2200265Ia 4500
001 22026
005 20260320113335.0
008 260320s9999||||xx |||||||||||||| ||und||
020 _a9786125138040
041 _aESP
082 _a985.019
_bS793
100 _aSzemiński, Jan,
_eAUT
245 0 _aChankas e inqas :
_blos inqas de Tiahuanaco y Cuzco, y los Chankas de Wari y Andahuayllas
246 _a
_5
_b
250 _aPrimera edición
260 _aArequipa :
_bEdiciones El Lector,
_c2025
300 _a199 páginas :
_b
_c21 cm.
_e
440 _a
_n
_v
650 _aHIS
653 _aPeru - Historia - Época Prehispánica
654 _aCHU
700 _a
_c
856 _uhttps://0u20fnv1f-y-https-research-ebsco-com.itmsp.museknowledge.com/c/qxo6us/search
_zVéase además: Base de datos EBSCOhost
942 _cLIB
_dJUS
_fMAT
_2ddc
_n
999 _c22026
_d22026